000 01788nam0a2200385 4500
001 RU\NLR\BIBL_A\011739276
005 20220831104355.0
010 _a978-5-7777-0732-1
_9500
021 _aRU
_bКН-П-18-039700
_9КН-П-18-2861
035 _a(NLR Aleph) 011739276
035 _a(RuMoRGB)009647633
090 _a11569845
_c11569845
100 _a20180628d2018 u y0rusy50 ca
101 1 _arus
_cger
102 _aRU
105 _ay|||z|||001zy
200 1 _aСоциальное рыночное хозяйство
_eосновоположники и классики
_e[сборник статей
_eперевод с немецкого
_fKonrad Adenauer Stiftung
_gредакторы-составители: К. Кроуфорд и др.
_gпредисл.: К. Кроуфорд]
210 _aМосква
_cВесь Мир
_d2018
215 _a415 с.
_cтабл.
_d22
320 _aБиблиогр.: с. 413-415
320 _aИмен. указ.: с. 404-405
320 _aУказ. терминов: 406-410
327 1 _aСодерж. авт.: В. Ойкен, Ф. Бём, Ф. Лутц, Л. Микш, Ф. А. фон Хайек, А. Рюстов, В. Рёпке, Й. Хейффнер, А. Мюллер-Армак, Л. В. Эрхард
606 1 _aРыночная экономика социальная
_2nlr_sh1
_2nlr_sh2
_3RU\NLR\AUTH\661297881
610 0 _aФрайбургская научная школа
686 1 _aУ010.5
686 1 _aУ9(2)-17(2Р)
702 1 _aКроуфорд
_bК.
_gКлаудиа
_4220
712 0 2 _aKonrad Adenauer Stiftung
_cBonn
_3RU\NLR\AUTH\8821809
_4570
942 _cBOOK
980 _aNBR
980 _aNB